000 00435nam a2200145 a 4500
001 000035527
005 20200930074416.0
008 111103s2004 dr 000 0 spa d
020 _a8423404749
040 _aDO-SdBNP
_bspa
_cBNPHU
100 _aKörlín, Erick
_961416
245 3 _aEl estudio de la rentabilidad comercial / :
_bErick Körlín.
260 _aEspaña, :
_bEdiciones Deusto,
_c[199-?].
300 _a213 p. :
_bil. ;
_c24 cm.
999 _c35018
_d35018